000
00229nam a2200109Ia 4500
005
20251222141846.0
008
251222s9999||||xx |||||||||||||| ||spa||
082
_a
255.5/C25
100
_a
AnĂ³nimo
245
0
_a
Cantos
942
_c
LIB
999
_c
7565
_d
7565